| LEADER |
01711ngm0a2200301 450 |
| 001 |
16847841 |
| 100 |
|
|
|a 20220110d2022 u u0frey01 ba
|
| 101 |
0 |
|
|a jpn
|
| 102 |
|
|
|a JP
|
| 200 |
0 |
|
|a étang du démon (L')
|f Masahiro Shinoda, réal.
|g Kyoka Izumi, adapt. - Haruhiko Mimura, Tsutomu Tamura, scénario - Tamasaburô Bando, Go Kato, Tsutomu Yamazaki, Koji Nanbara, Yatsuko Tan'Ami, Hisashi Igawa, ... [et al.] act.
|
| 207 |
|
1 |
|a
|
| 210 |
|
|
|a Paris
|c Carlotta Films
|d 2022
|
| 215 |
|
|
|a 1 DVD vidéo monoface zone 2 (1 h 59 min)
|c 16/9, coul. (PAL), son. (Dolby digital 5.1)
|
| 300 |
|
|
|a Langues principales : japonais; Sous-titres : français
|
| 330 |
|
|
|a Province d'Echizen, été 1913. En route vers Kyoto, le professeur Yamasawa traverse un village frappé par la sécheresse, perdu au milieu des montagnes. A proximité se trouve l'étang du Démon, objet de superstitions de la part des habitants. En effet, si la cloche du village ne sonne pas quotidiennement, le dragon retenu au fond de l'eau serait libéré et provoquerait un déluge mortel. L'arrivée de Yamasawa chez Akira et Yuri, le couple chargé de faire respecter cette tradition immuable, va bientôt mettre en péril cet équilibre...
|
| 700 |
|
0 |
|a Shinoda
|b Masahiro
|4 370
|
| 702 |
|
0 |
|a Izumi
|b Kyoka
|4 100
|
| 702 |
|
0 |
|a Mimura
|b Haruhiko
|4 690
|
| 702 |
|
0 |
|a Tamura
|b Tsutomu
|4 690
|
| 702 |
|
0 |
|a Bando
|b Tamasaburô
|4 5
|
| 702 |
|
0 |
|a Kato
|b Go
|4 5
|
| 702 |
|
0 |
|a Yamazaki
|b Tsutomu
|4 5
|
| 702 |
|
0 |
|a Nanbara
|b Koji
|4 5
|
| 702 |
|
0 |
|a Tan'Ami
|b Yatsuko
|4 5
|
| 702 |
|
0 |
|a Igawa
|b Hisashi
|4 5
|
| 900 |
|
|
|a Film
|
| 901 |
|
|
|a Accessible au prêt
|
| 995 |
|
|
|a Bibliothèque
|c Bibliothèque
|f 00156011865177
|h 00156011865177
|k F SHI V.O
|o p
|q a
|r gd
|e Bibliothèque
|